| 000 | 00753cam a2200265 i 4500 | ||
|---|---|---|---|
| 001 | 10802 | ||
| 003 | BD-RjUL | ||
| 005 | 20211208235023.0 | ||
| 008 | 140125t1975 nyua b 001 0 eng | ||
| 020 | _a0125265506 | ||
| 035 | _a(BD-RjUL)10851 | ||
| 040 |
_aDLC _cDLC _dDLC _dBD-RjUL _beng |
||
| 041 | _aeng | ||
| 082 | 0 | 0 |
_a547.0567 _216 _bONO 1975 |
| 100 | 1 |
_aOnak, Thomas. _933403 |
|
| 245 | 1 | 0 |
_aOrganoborane chemistry / _cThomas Onak. |
| 260 |
_aNew York : _bAcademic Press, _cc1975. |
||
| 300 |
_ax, 360 p. : _bill. ; _c24 cm. |
||
| 490 | 0 | _aOrganometallic chemistry | |
| 504 | _aincludes Bibliographical reference and index. | ||
| 650 | 0 |
_aOrganoboron compounds. _932127 |
|
| 942 |
_2ddc _cBK |
||
| 999 |
_c10802 _d10802 |
||